000
00306nam a22001337a 4500
008
170608b xxu||||| |||| 00| 0 eng d
020
_a
9781592602865
041
_a
eng
080
_2
2ND
_a
32
100
_a
18
101
_a
SHP
245
_a
THE CHANGING AMERICAN PRESIDENCY
_c
WATERMAN,R
942
_2
udc
_c
BK
999
_c
16465
_d
16465